[Event "AUTO-OPEN-4552"]
[Site "http://www.queenalice.com/game.php?id=1863039"]
[Date "2025.9.14"]
[Round "2"]
[White "rmvwoods"]
[Black "askasl159"]
[Result "1-0"]
[WhiteElo "2016"]
[BlackElo "1743"]

1. e4 e5 2. Nf3 Nc6 3. d4 exd4 4. Nxd4 Nge7 5. Be3 g6 6. Nxc6 Nxc6 7. Bd3 Bg7 8.
c3 O-O 9. Nd2 d5 10. O-O dxe4 11. Bxe4 Ne5 12. Qb3 c6 13. Rad1 b5 14. Nf3 Qc7
15. Bd4 Be6 16. Qc2 Bxa2 17. b3 Nxf3+ 18. Bxf3 Bxd4 19. Rxd4 Bxb3 20. Qxb3 a5
21. Rfd1 a4 22. Qa3 Rfe8 23. g3 Re6 24. c4 Rae8 25. cxb5 cxb5 26. Qb4 Re5 27.
Kg2 Rc5 28. Rd7 Qe5 29. R7d5 Rxd5 30. Rxd5 1-0

[Event "AUTO-OPEN-4552"]
[Site "http://www.queenalice.com/game.php?id=1863044"]
[Date "2025.9.14"]
[Round "2"]
[White "Tonto"]
[Black "rmvwoods"]
[Result "1-0"]
[WhiteElo "1970"]
[BlackElo "2075"]

1. e4 c5 2. Nf3 d6 3. Be2 g6 4. d4 Nd7 5. d5 Bg7 6. c3 Ngf6 7. Bd3 O-O 8. Bg5 e6
9. dxe6 fxe6 10. O-O Qa5 11. Nbd2 b5 12. a3 Bb7 13. b4 Qb6 14. a4 a6 15. a5 Qc6
16. Rc1 Rac8 17. c4 d5 18. bxc5 dxe4 19. Bxf6 Nxf6 20. Ne5 Qxc5 21. Nd7 Qc6 22.
Nxf6+ Bxf6 23. Bxe4 Qd7 24. Bxb7 Qxb7 25. Qb3 Qc6 26. cxb5 Qxb5 27. Qxe6+ Kg7
28. Rxc8 Rxc8 29. Qxc8 Qxa5 30. Ne4 Bd8 31. Qd7+ Kh6 32. h4 Bxh4 33. g3 Qd8 34.
Qxd8 Bxd8 35. Rd1 Bc7 36. Rd7 Be5 37. f4 Bb2 38. Kg2 a5 39. Ng5 a4 40. Rxh7# 1-0

[Event "AUTO-OPEN-4552"]
[Site "http://www.queenalice.com/game.php?id=1863045"]
[Date "2025.9.14"]
[Round "2"]
[White "rmvwoods"]
[Black "Tonto"]
[Result "0-1"]
[WhiteElo "2072"]
[BlackElo "2003"]

1. e4 e5 2. Nf3 Nc6 3. Bb5 Be7 4. b3 a6 5. Be2 Nf6 6. Nc3 d6 7. Bb2 Bg4 8. d3
O-O 9. Qd2 Nh5 10. h3 Bxf3 11. Bxf3 Bg5 12. Qd1 Nf4 13. Ne2 Ne6 14. d4 exd4 15.
Nxd4 Ncxd4 16. Rb1 c5 17. O-O Bf6 18. e5 dxe5 19. Bxb7 Ra7 20. Be4 Ng5 21. Bd3
e4 22. Bc4 Nxh3+ 23. gxh3 Nf3+ 24. Kg2 Bxb2 25. Rxb2 Qg5+ 26. Kh1 Qf5 27. Kg2
Qe5 28. Rh1 Qg5+ 29. Kf1 Nd2+ 30. Ke2 e3 31. fxe3 Qg2+ 0-1

[Event "AUTO-OPEN-4591"]
[Site "http://www.queenalice.com/game.php?id=1863308"]
[Date "2025.9.23"]
[Round "3"]
[White "rmvwoods"]
[Black "WoodpusherKid"]
[Result "0-1"]
[WhiteElo "2021"]
[BlackElo "2513"]

1. e4 e5 2. Nf3 Nc6 3. Nc3 Nf6 4. Bb5 Nd4 5. O-O c6 6. Be2 Bd6 7. d3 Bc7 8. Be3
Nxe2+ 9. Nxe2 d5 10. Ng3 O-O 11. h3 a5 12. a4 Re8 13. Bc5 Nd7 14. Ba3 d4 15. c3
c5 16. b4 axb4 17. cxb4 b6 18. b5 Nf6 19. Bc1 h6 20. Nh4 Nxe4 21. Nhf5 Bxf5 22.
Nxf5 Nd6 23. Qg4 Nxf5 24. Bd2 Qd7 25. Qe4 Nd6 0-1

[Event "AUTO-OPEN-4591"]
[Site "http://www.queenalice.com/game.php?id=1863309"]
[Date "2025.9.23"]
[Round "3"]
[White "WoodpusherKid"]
[Black "rmvwoods"]
[Result "1-0"]
[WhiteElo "2515"]
[BlackElo "2019"]

1. c4 c5 2. Nf3 Nf6 3. d4 cxd4 4. Nxd4 e6 5. e3 Bc5 6. Be2 O-O 7. Nc3 d5 8. cxd5
Nxd5 9. Nxd5 Qxd5 10. O-O Nc6 11. Bf3 Qd6 12. Nxc6 bxc6 13. Qxd6 Bxd6 14. Rd1
Rd8 15. Bxc6 Rb8 16. Bd2 Be5 17. Bc3 Rxd1+ 18. Rxd1 Bc7 19. Be5 Ba6 20. Bxc7 Rc8
21. Rd8+ Rxd8 22. Bxd8 Bd3 23. g4 h6 24. b4 f5 25. gxf5 exf5 26. a4 1-0

[Event "AUTO-MASTER-3286"]
[Site "http://www.queenalice.com/game.php?id=1864662"]
[Date "2025.10.24"]
[Round "1"]
[White "rmvwoods"]
[Black "Capixabba789"]
[Result "1-0"]
[WhiteElo "2039"]
[BlackElo "1890"]

1. e4 e5 2. Nf3 d6 3. d4 exd4 4. Nxd4 Nf6 5. Nc3 Be7 6. Be2 O-O 7. O-O Nbd7 8.
Re1 Ne5 9. Bf4 Bd7 10. Qd2 c5 11. Nf5 Bxf5 12. exf5 Re8 13. Bb5 Rf8 14. Bxe5
dxe5 15. Qxd8 Rfxd8 16. Rxe5 Bd6 17. Re2 a6 18. Bd3 h6 19. Rae1 b5 20. Be4 b4
21. Bxa8 Rxa8 22. Na4 a5 23. Nb6 Rd8 24. Nc4 a4 25. h3 Nh5 26. Re8+ Rxe8 27.
Rxe8+ Kh7 28. Nxd6 1-0

[Event "AUTO-MASTER-3286"]
[Site "http://www.queenalice.com/game.php?id=1864663"]
[Date "2025.10.24"]
[Round "1"]
[White "Capixabba789"]
[Black "rmvwoods"]
[Result "1/2-1/2"]
[WhiteElo "1931"]
[BlackElo "2078"]

1. d4 d5 2. Nc3 Nf6 3. f4 Bf5 4. Nf3 e6 5. e3 Bb4 6. Bd2 Nbd7 7. Be2 Bxc3 8.
Bxc3 Ne4 9. Bd2 Ndf6 10. O-O O-O 11. Ne5 a5 12. c3 Nd7 13. a3 f6 14. Nf3 Nb6 15.
Be1 Nc4 16. b3 Ncd6 17. a4 c6 18. c4 b6 19. cxd5 exd5 20. Rc1 Qd7 21. Nh4 Rfc8
22. Nxf5 Qxf5 23. Bd3 Qd7 24. Qe2 Re8 25. Qc2 c5 26. dxc5 Nxc5 27. Bxh7+ Kf8 28.
Bd2 Rac8 29. Qg6 Nxb3 30. Rxc8 Rxc8 31. Be1 Ne4 32. Qh5 Rc1 33. Bf5 Qf7 34. Qh8+
Qg8 35. Qh3 Nbc5 36. Bxe4 dxe4 37. Qc8+ Kf7 38. Qc7+ Kg6 39. f5+ Kh7 40. Qxb6
Qc4 41. Qxa5 Nxa4 42. Qb4 Qd3 43. Qxa4 Qxe3+ 44. Bf2 Rxf1+ 45. Kxf1 Qf4 46. h3
Qxf5 47. Kg1 Qf4 48. Qd1 Qg5 49. Qe2 f5 50. Qe3 Qf6 51. Qe2 g6 52. Qd2 g5 53.
Qd7+ Kg6 54. Qe8+ Qf7 55. Qxf7+ Kxf7 56. Bd4 Kg6 57. Kf2 f4 58. g4 Kf7 59. Bc5
Ke6 60. Bb6 Kd7 61. Ba5 Ke7 62. Bc3 Ke6 63. Bb2 Kf7 64. Be5 Ke6 65. Bg7 Kf7 66.
Bh6 Kg6 67. Bf8 Kf7 1/2-1/2

[Event "AUTO-OPEN-4621"]
[Site "http://www.queenalice.com/game.php?id=1864839"]
[Date "2025.10.28"]
[Round "1"]
[White "rmvwoods"]
[Black "pomar"]
[Result "1-0"]
[WhiteElo "2063"]
[BlackElo "1913"]

1. e4 e6 2. Nc3 d5 3. Nf3 c5 4. Bb5+ Nc6 5. exd5 exd5 6. O-O Bd7 7. Re1+ Be7 8.
Nxd5 a6 9. Be2 Be6 10. Nf4 Qd6 11. Nxe6 fxe6 12. b3 Bf6 13. Rb1 b5 14. Bb2 Nge7
15. Bxf6 gxf6 16. Nh4 O-O 17. Bh5 Ne5 18. d3 Qd4 19. Re4 Qc3 20. Qe2 N7g6 21.
Bxg6 hxg6 22. f4 g5 23. fxe5 f5 24. Qh5 fxe4 25. Qxg5+ Kf7 26. Rf1+ Ke8 27. Qg6+
Kd7 28. Qg7+ Kc6 29. Rxf8 Rxf8 30. Qxf8 exd3 31. Qd6+ Kb7 32. Qxd3 Qe1+ 33. Qf1
Qe3+ 34. Kh1 Qxe5 35. Nf3 Qb2 36. h4 Qxc2 37. Qa1 Kb6 38. Kh2 Qf5 39. Qe5 Qb1
40. Qxe6+ Ka5 41. Qe1+ Qxe1 42. Nxe1 c4 43. bxc4 bxc4 44. h5 Kb5 45. h6 c3 46.
h7 Kb4 47. h8=Q a5 48. Qf8+ Kb5 49. Qf4 a4 50. a3 Ka5 51. Qb4+ 1-0

[Event "AUTO-MASTER-3287"]
[Site "http://www.queenalice.com/game.php?id=1865147"]
[Date "2025.11.4"]
[Round "1"]
[White "rmvwoods"]
[Black "matamuff"]
[Result "1-0"]
[WhiteElo "2073"]
[BlackElo "1796"]

1. e4 d6 2. d4 g6 3. Nc3 a6 4. Be2 Bg7 5. Be3 e6 6. Nf3 Ne7 7. Qd2 b5 8. Bh6 O-O
9. Bxg7 Kxg7 10. h4 Ng8 11. h5 h6 12. g4 g5 13. O-O-O Nd7 14. e5 d5 15. Nh2 Nb6
16. f4 Nc4 17. Bxc4 bxc4 18. Nf3 f5 19. fxg5 fxg4 20. gxh6+ Nxh6 21. Nh4 Bd7 22.
Ng6 Rf5 23. Rdf1 Qg5 24. Qxg5 Rxg5 25. Rf6 Rf5 26. Rxf5 Nxf5 27. Nf4 Kh6 28.
Nce2 g3 29. c3 Rg8 30. Kd2 g2 31. Rg1 Nh4 32. Ke1 Nf3+ 33. Kf2 Nxg1 34. Nxg1 Rg4
35. Kf3 Rg8 36. b4 Rg5 37. Nxg2 Rxg2 38. Kxg2 Kxh5 39. Kg3 Kg5 40. Nh3+ Kf5 41.
Kf3 Ba4 42. Nf4 Bd1+ 43. Ke3 Bc2 44. Nh5 Kg6 45. Nf6 Bb1 46. a4 a5 47. bxa5 Bc2
48. a6 Bxa4 49. a7 Bc6 50. Ne8 Kf7 51. Nxc7 Ke7 52. Kf4 Kd7 53. a8=Q Bxa8 54.
Nxa8 Kc6 55. Kg5 Kb7 56. Kf6 1-0

[Event "AUTO-MASTER-3287"]
[Site "http://www.queenalice.com/game.php?id=1865162"]
[Date "2025.11.4"]
[Round "1"]
[White "Capixaba789"]
[Black "rmvwoods"]
[Result "0-1"]
[WhiteElo "1901"]
[BlackElo "2053"]

1. d4 d5 2. Nc3 Nf6 3. f4 Bf5 4. Nf3 Ne4 5. e3 Nd7 6. Be2 e6 7. O-O Bd6 8. Ne5
Bxe5 9. Nxe4 Bxe4 10. fxe5 f6 11. c4 O-O 12. c5 Qe8 13. exf6 Nxf6 14. Bd2 Qg6
15. Bf3 Bxf3 16. Rxf3 Ne4 17. Bb4 c6 18. Qe2 Rf5 19. Rxf5 exf5 20. Rf1 Rf8 21.
Be1 Qh6 22. Rf3 g5 23. Rh3 Qg6 24. Rf3 g4 25. Rf4 Qg5 26. b4 a6 27. a4 h5 28. b5
axb5 29. axb5 Kf7 30. b6 Ra8 31. h4 gxh3 32. Bh4 Qg6 33. Rf3 Qg4 34. Be1 Ra1 35.
Kh2 Rxe1 36. Rxf5+ Qxf5 37. Qxe1 hxg2 38. Kxg2 Qg4+ 39. Kh2 Qf3 40. Qh4 Qf2+ 41.
Kh3 Qxh4+ 42. Kxh4 Kg6 0-1

[Event "AUTO-MASTER-3287"]
[Site "http://www.queenalice.com/game.php?id=1865163"]
[Date "2025.11.4"]
[Round "1"]
[White "rmvwoods"]
[Black "Capixaba789"]
[Result "1-0"]
[WhiteElo "2063"]
[BlackElo "1891"]

1. e4 e5 2. Nf3 d6 3. d4 exd4 4. Nxd4 Nf6 5. Nc3 Be7 6. Be2 O-O 7. O-O Nbd7 8.
Be3 Ne5 9. h3 c5 10. Nf3 Bd7 11. a3 Bc6 12. Nxe5 dxe5 13. f3 Qc7 14. Bc4 a6 15.
Qe1 b5 16. Ba2 c4 17. Qg3 Nh5 18. Qf2 Nf4 19. Kh2 Qd7 20. Qg3 Nh5 21. Qf2 f5 22.
Rad1 Qe8 23. exf5 Nf4 24. g3 Nh5 25. g4 Nf4 26. Bxf4 exf4 27. Ne4 Kh8 28. b3
cxb3 29. Bxb3 Bxa3 30. Be6 Rd8 31. Ra1 b4 32. c3 Rd3 33. cxb4 Bxb4 34. Qb6 a5
35. Rf2 Ba8 36. Qc7 Bxe4 37. fxe4 Bd6 38. Qxa5 Rg3 39. e5 Bb8 40. Rxf4 Rd3 41.
Re4 Qc6 42. Rae1 Qc2+ 43. R1e2 Qb1 44. Bc4 Rd1 45. Kg3 Rfd8 46. Re1 Rxe1 47.
Qxd8# 1-0

[Event "AUTO-MASTER-3287"]
[Site "http://www.queenalice.com/game.php?id=1865172"]
[Date "2025.11.4"]
[Round "1"]
[White "Fauquinelle"]
[Black "rmvwoods"]
[Result "1-0"]
[WhiteElo "1984"]
[BlackElo "2131"]

1. d4 d6 2. e4 Nf6 3. Nc3 c6 4. f4 Qa5 5. Bd3 e5 6. fxe5 dxe5 7. dxe5 Qxe5 8.
Nf3 Qc7 9. Bg5 Be7 10. Qd2 O-O 11. O-O-O Be6 12. e5 Ng4 13. Bxe7 Qxe7 14. h3 Nh6
15. Ng5 Bf5 16. Qf4 Bxd3 17. Rxd3 Nd7 18. Nf3 Nc5 19. Rd6 Rad8 20. Rhd1 Rxd6 21.
exd6 Qd7 22. Ne5 Nf5 23. Nxd7 1-0